000 01038ngm a22003730a 4500
001 PT13358
003 AR-LpoUNG
005 20210202000226.0
007 vd cvaizq
008 191001s2000||||ag |||||||||||||||||spa d
037 _c$8.3
040 _aAR-LpoUNG
_bspa
_cAR-LpoUNG
_eaacr
041 _aspa
044 _aag
082 0 _a982.063 26jo
100 1 _aJaime, Gabi
_edir.
245 1 0 _aJorge Giannoni :
_bNN, ese soy yo
260 _aBuenos Aires :
_bGupo Boedo,
_c2000.
300 _aDVD (64 min.) : son., col.
505 0 _aAsistencia: Gabriela Balmaceda. Fotografía: Claudio Remedi. Sonido: Horacio Almada. Iluminación: Mariano Krasmanski.
650 4 _aARGENTINA
650 4 _aCULTURA
650 4 _aIDEOLOGIAS POLITICAS
650 4 _aPOLITICOS
650 4 _aPROBLEMAS SOCIALES
650 4 _aSISTEMAS POLITICOS
650 4 _aSOCIEDAD
650 4 _aTRABAJO
653 _aDOCUMENTALES
653 _aVIDEOS
710 2 _aFondo Nacional de las Artes (Buenos Aires)
905 _a13358
942 _cDVD
999 _c54388
_d54388